Poppy Playtime Enemies - Statistics

General Stats
  • This quiz has been taken 368 times
  • The average score is 8 of 15
Answer Stats
Chapter debut Enemy % Correct
Chapter 1 Huggy Wuggy
99%
Chapter 2 Mommy Long Legs
93%
Chapter 3 CatNap
84%
Chapter 2 Bunzo Bunny
73%
Chapter 3 DogDay
67%
Chapter 2 PJ Pug-A-Pillar
64%
Chapter 4 The Doctor
59%
Chapter 3 Miss Delight
52%
Chapter 2 Mini Huggies
51%
Chapter 4 Yarnaby
51%
Chapter 4 Doey the Doughman
48%
Chapter 3 Nightmare Huggy
24%
Chapter 4 Baba Chops
23%
chapter 4 Nightmare Critters
21%
Chapter 3 Ruined Critters
9%
No matching quizzes found
Score Distribution
Percent of People with Each Score
Percentile by Number Answered
Your Score History
You have not taken this quiz